Aspekt noviny pre hospodárstvo, informácie a kultúru považskobystrického regiónu

Bibliographic Details
Format: Journal
Language:Slovak
PhysicalDescription:6 zv. 30-43 cm
Published: Považská Bystrica TH Press 1994-1999
Subjects:

MARC

LEADER 00000cas a2200000 a 4500
001 vtls008884746
003 SK-MaSNL
005 20260228162307.0
008 141119d19941999xo wr|p 0 0 b0slo c
035 |a (SVKBB03)vtls000203351 
040 |a SVKBB  |b slo  |c SVKBB  |d SNK  |e AACR2 
041 0 |a slo 
044 |a xo  |c SK 
072 7 |a 316.7  |x Sociológia kultúry. Kultúrny život  |2 konspekt 
072 7 |a 332  |x Regionálna ekonómia, regionálna ekonomika  |2 konspekt 
080 |a 050  |2 2001 
080 |a 316.7  |2 2001 
080 |a 332  |2 2001 
245 0 0 |a Aspekt  |b noviny pre hospodárstvo, informácie a kultúru považskobystrického regiónu 
260 |a Považská Bystrica  |b TH Press  |c 1994-1999 
300 |a 6 zv.  |c 30-43 cm 
310 |a 1x týždenne 
362 0 |a Roč. I, č. 0 (31.3.1994)-roč. VI, č. 31 (1999) 
500 |a Podnázov sa mení 
500 |a Vydávatelia sa menia 
500 |a Redaktori sa menia 
500 |a Má prílohu: Tele video relax, týždenník pre tele, video a filmovú kultúru 
500 |a V r. 1995 zmena formátu na 30 cm 
650 0 7 |a kultúra  |2 SNKPH  |9 886 
650 0 7 |a hospodárstvo  |2 SNKPH  |9 14275 
650 0 7 |a regióny  |2 SNKPH  |9 2350 
655 7 |a spoločenské časopisy  |2 SNKPH  |9 70515 
910 |a snk 
916 |a 1994-1999 
999 |c 7465  |d 9395 
952 |0 0  |1 0  |4 0  |7 0  |a SNK  |b SNK  |d 2005-05-23  |i snkČSP 2320/2004  |l 0  |o snkČSA 1285/6/1999 D1  |p 17A0469606  |r 2026-02-21 19:41:45  |t č. 1-31, neúpl.  |w 2026-02-21  |y PREZ  |z chýba č. 4-5,7,11,13-15,19,23,27-31 
952 |0 0  |1 0  |4 0  |7 0  |a SNK  |b SNK  |d 2002-12-11  |l 0  |o snkČSA 1285/1/1994/2 D1  |p 17A0369492  |r 2005-01-02 00:00:00  |w 2026-02-21  |y PREZ 
952 |0 0  |1 0  |4 0  |7 0  |a SNK  |b SNK  |d 2005-05-23  |i snkČSP 1578/97  |l 0  |o snkČSA 1285/3/1996 D1  |p 17A0469637  |r 2026-02-21 20:16:42  |t č. 1-52  |w 2026-02-21  |y PREZ 
952 |0 0  |1 0  |4 0  |7 0  |a SNK  |b SNK  |d 2014-11-05  |f 1  |i snkČSP 2319/2004  |l 0  |o snkČSA 1285/6/1999   |p 17A0830267  |r 2026-02-21 20:32:35  |t č. 1-31, neúpl.  |w 2026-02-21  |y PREZ  |z chýba č. 11,23,27-29 
952 |0 0  |1 0  |4 0  |7 0  |a SNK  |b SNK  |d 1998-02-20  |f 1  |i snkČSP 717/95  |l 0  |o snkČSA 1285/1/1994/1  |p 17A0123333  |r 2005-01-02 00:00:00  |t č. 0-16+príl.  |w 2026-02-21  |y PREZ 
952 |0 0  |1 0  |4 0  |7 0  |a SNK  |b SNK  |d 1999-01-27  |l 0  |o snkČSA 1285/1/1994/1 D1  |p 17A0178895  |r 2005-01-02 00:00:00  |w 2026-02-21  |y PREZ 
952 |0 0  |1 0  |4 0  |7 0  |a SNK  |b SNK  |d 2002-07-18  |f 1  |i snkČSP 719/95  |l 0  |o snkČSA 1285/1/1994/2  |p 17A0124847  |r 2005-01-02 00:00:00  |t č. 17-37+príl.  |w 2026-02-21  |y PREZ 
952 |0 0  |1 0  |4 0  |7 0  |a SNK  |b SNK  |d 2002-07-18  |f 1  |i snkČSP 855/96  |l 0  |o snkČSA 1285/2/1995/1  |p 17A0829972  |r 2005-01-02 00:00:00  |t č. 1-25  |w 2026-02-21  |y PREZ 
952 |0 0  |1 0  |4 0  |7 0  |a SNK  |b SNK  |d 2002-07-18  |l 0  |o snkČSA 1285/2/1995/1 D1  |p 17A0172515  |r 2005-01-02 00:00:00  |w 2026-02-21  |y PREZ 
952 |0 0  |1 0  |4 0  |7 0  |a SNK  |b SNK  |d 2002-07-18  |f 1  |i snkČSP 857/96  |l 0  |o snkČSA 1285/2/1995/2  |p 17A0829973  |r 2005-01-02 00:00:00  |t č. 26-51  |w 2026-02-21  |y PREZ 
952 |0 0  |1 0  |4 0  |7 0  |a SNK  |b SNK  |d 2002-07-18  |l 0  |o snkČSA 1285/2/1995/2 D1  |p 17A0173976  |r 2005-01-02 00:00:00  |w 2026-02-21  |y PREZ 
952 |0 0  |1 0  |4 0  |7 0  |a SNK  |b SNK  |d 2002-07-18  |f 1  |i snkČSP 1579/97  |l 0  |o snkČSA 1285/3/1996  |p 17A0829974  |r 2005-01-02 00:00:00  |t č. 1-52  |w 2026-02-21  |y PREZ 
952 |0 0  |1 0  |4 0  |7 0  |a SNK  |b SNK  |d 2002-07-18  |f 1  |i snkČSP 396/99  |l 0  |o snkČSA 1285/4/1997  |p 17A0829975  |r 2005-01-02 00:00:00  |t č. 1-52  |w 2026-02-21  |y PREZ 
952 |0 0  |1 0  |4 0  |7 0  |a SNK  |b SNK  |d 2002-07-18  |l 0  |o snkČSA 1285/4/1997 D1  |p 17A0263919  |r 2005-01-02 00:00:00  |w 2026-02-21  |y PREZ 
952 |0 0  |1 0  |4 0  |7 0  |a SNK  |b SNK  |d 2002-07-18  |f 1  |i snkČSP 408/2000  |l 0  |o snkČSA 1285/5/1998  |p 17A0327785  |r 2005-01-02 00:00:00  |t č. 1-51  |w 2026-02-21  |y PREZ 
952 |0 0  |1 0  |4 0  |7 0  |a SNK  |b SNK  |d 2002-07-18  |l 0  |o snkČSA 1285/5/1998 D1  |p 17A0297058  |r 2005-01-02 00:00:00  |w 2026-02-21  |y PREZ